| 000 | 00898nam a2200265Ia 4500 | ||
|---|---|---|---|
| 003 | OSt | ||
| 005 | 20220930094555.0 | ||
| 006 | a|||||r|||| 00| 0 | ||
| 007 | ta | ||
| 008 | 220926b |||||||| |||| 00| 0 eng d | ||
| 024 | _a72213 | ||
| 037 | _cTheses | ||
| 040 |
_aCRL _cCRL _beng |
||
| 041 |
_2eng _aeng |
||
| 100 |
_aSingh Madhav Kumar Au. _9555886 |
||
| 110 | _aUniversity of Delhi. Faculty of Sciences. Department of Physics & Astrophysics | ||
| 245 | 0 |
_aStudies on electron dynamics and quantum optical properties of semiconductor microcavities _b Possible device application |
|
| 260 | _c2020 | ||
| 300 |
_a117p. _ap. _ccm. |
||
| 650 | _aPhysics | ||
| 700 |
_a Jha Pradip k. Gu. _9555887 |
||
| 700 | _aUniversity of Delhi. Faculty of Sciences. Department of Physics & Astrophysics | ||
| 942 |
_cDIS _2CC |
||
| 999 |
_c887333 _d887333 |
||